000 00724nam a22002297a 4500
001 002413
003 CoMeUDC002413
005 20250422201019.0
008 130821s1995 ck gr spa
020 _a9589421261
040 _aCo-BoUCM
_bspa
_cCoMeUDC
041 _aspa
082 0 4 _a346.07
_220
_bN964n
245 1 0 _aNuevos enfoques del Derecho Comercial /
_cRafael Bernal Gutiérrez... [et all]
260 _aMedellín (Antioquia, Colombia) :
_bBiblioteca Jurídica Diké,
_c1995.
300 _a316 páginas
650 0 4 _aDerecho comercial
_912717
650 0 4 _aDerecho comercial
_xLegislación
_zColombia
_912717
650 0 4 _aLegislación
_97782
651 7 _aColombia
_926606
942 _cBK
_a8
_e1
_mN83D
_2ddc
_h346.07
999 _c662
_d662